| 000 | 00000nam##2200000za#4500 |
| 001 | 9.686796 |
| 003 | CaOODSP |
| 005 | 20210624230708 |
| 007 | cr ||||||||||| |
| 008 | 150407|2003||||xxc|||||o f|0| 0 eng|d |
| 040 | |aCaOODSP|beng |
| 043 | |an-cn--- |
| 086 | 1 |aH46-2/03-292E-PDF |
| 110 | 1 |aCanada. |bHealth Canada. |bHealthy Environments and Consumer Safety Branch. |
| 245 | 10|aIndoor air quality : |h[electronic resource]|btools for schools Action Kit for Canadian schools |
| 260 | |aOttawa - Ontario : |bHealth Canada. |c2003. |
| 300 | |a192p.|btables |
| 500 | |a"The IAQ Action Kit is a practical tool to help school boards, principals and their management teams, and school employees understand and address indoor air quality (IAQ) problems."--Introduction. The catalogue number and the ISBN for the print edition have been incorrectly printed in this electronic edition. |
| 520 | 3 |aThe IAQ Action Kit is a practical tool to help school boards, principals and their management teams, and school employees understand and address indoor air quality (IAQ) problems. |
| 590 | |a03-51|b2003-12-24 |
| 775 | 08|tQualité de l'air intérieur : |w(CaOODSP)9.631260 |
| 776 | 0#|tIndoor air quality : |w(CaOODSP)9.648748 |
| 856 | 40|ahttp://publications.gc.ca|qPDF|s866 KB|uhttps://publications.gc.ca/collections/Collection/H46-2-03-292E.pdf |